00496nam a2200181 a 4500001001300000003000900013005001700022008004100039020002300080082001300103100001800116245004000134260005700174300000900231500003500240505001000275650002900285nice12345678IN_TiNIC20260116014928.0050524s1981 nota grp 000 0 eng  a0268413 c10000a181bOLS aOlson, Alan M aTranscendence and the Sacred. Vol.2 aNotre Dame inbUniversity of Notre Dame Press c1981 a230p aincludes index and biblioraphy2 aIndex aPhilosophy-Transcendance